| 000 | 00567nam a2200181Ia 4500 | ||
|---|---|---|---|
| 008 | 100917s9999 xx 000 0 und d | ||
| 082 | _b6152 | ||
| 100 | _aदेशपांडे कुसुमावती | ||
| 245 | _aमराठी कादंबरी भा. 1 ला. | ||
| 260 |
_b--- _c1953 |
||
| 300 | _a204 | ||
| 365 | _b3.5 | ||
| 520 | _aनिबंध | ||
| 630 | _aमराठी कादंबरी भा. 1 ला. | ||
| 650 | _aनिबंध | ||
| 730 | _aमराठी कादंबरी भा. 1 ला. | ||
| 942 | _cBOOK | ||
| 999 |
_c611546 _d611543 |
||